Russell speaking : original in Bangla Ami Russell bolchhi /
Contributions of Sheikh Mujibur Rahman, 1922-1975, first president of Bangladesh, to the Bangladesh freedom movement; includes brief accounts of him and the assassination of his family.
| Main Author: | |
|---|---|
| Format: | Book |
| Language: | English Bengali |
| Published: |
Dhaka :
Novel Publications,
1998.
|
| Edition: | 1st English edition |
| Subjects: | |
| Classic Catalogue: | View this record in Classic Catalogue |
| LEADER | 01668nam a2200397 a 4500 | ||
|---|---|---|---|
| 001 | 33229 | ||
| 003 | BD-DhAAL | ||
| 005 | 20180710122320.0 | ||
| 008 | 180710t1998 bg ac 000 0beng | ||
| 999 | |c 39562 |d 39562 | ||
| 010 | |a 99937052 | ||
| 020 | |a 9848259082 | ||
| 025 | |a B-E-99-937052; 20 | ||
| 035 | |a (DLC) 99937052 | ||
| 037 | |b Library of Congress -- New Delhi Field Office |c Tk750.00 | ||
| 040 | |a DLC |c DLC |d DLC |d BD-DhAAL | ||
| 041 | 1 | |a eng |h ben | |
| 042 | |a lcode | ||
| 043 | |a a-bg--- | ||
| 050 | 0 | 0 | |a DS395.7.M9 |b M5313 1998 |
| 082 | 0 | 0 | |a 954.9205092 |2 21 |
| 100 | 1 | |a Mijāna, Mijānura Rahamāna. |9 26855 | |
| 240 | 1 | 0 | |a Āmi Rāsela balachi. |l English |
| 245 | 1 | 0 | |a Russell speaking : |b original in Bangla Ami Russell bolchhi / |c Mizanur Rahman Mizan ; translated by Kabir Chowdhury. |
| 250 | |a 1st English edition | ||
| 260 | |a Dhaka : |b Novel Publications, |c 1998. | ||
| 300 | |a 319 pages : |b illustrations, ports. ; |c 22 cm. | ||
| 520 | |a Contributions of Sheikh Mujibur Rahman, 1922-1975, first president of Bangladesh, to the Bangladesh freedom movement; includes brief accounts of him and the assassination of his family. | ||
| 526 | |a AAL | ||
| 541 | |a Development Book Agency |e 33229 | ||
| 600 | 0 | 0 | |a Mujibur Rahman, |c Sheikh, |d 1920-1975. |9 26856 |
| 650 | 0 | |a Presidents |z Bangladesh |v Biography. |9 26857 | |
| 651 | 0 | |a Bangladesh |x Politics and government |y 1971- |9 26858 | |
| 852 | |a Ayesha Abed Library |c Bangabandhu Corner | ||
| 942 | |2 ddc |c BK | ||
| 952 | |0 0 |1 0 |2 ddc |4 0 |6 954_920509200000000_MIJ |7 0 |9 63582 |a BRACUL |b BRACUL |c BNC |d 2018-07-04 |e Development Book Agency |g 675.00 |l 0 |o 954.9205092 MIJ |p 3010033229 |r 2018-07-04 |t 1 |v 750.00 |w 2018-07-04 |y BK | ||